LIBRARY & INFORMATION CENTRE, KCAET, TAVANUR

ONLINE PUBLIC ACCESS CATALOGUE (OPAC)

History of India:part, l ancient India / (Record no. 3347)

MARC details
000 -LEADER
fixed length control field 00434cam a2200169ua 4500
041 ## - LANGUAGE CODE
Language code of text/sound track or separate title eng
082 ## - DEWEY DECIMAL CLASSIFICATION NUMBER
Classification number 954.01
Item number NIL/HI
100 ## - MAIN ENTRY--AUTHOR NAME
Personal name Neelakantasastri, K A .
245 ## - TITLE STATEMENT
Title History of India:part, l ancient India /
260 ## - PUBLICATION, DISTRIBUTION, ETC. (IMPRINT)
Place of publication Chennai :
Name of publisher S.Viswanathan ,
Year of publication 1963.
300 ## - PHYSICAL DESCRIPTION
Number of Pages 362 ; .
942 ## - ADDED ENTRY ELEMENTS (KOHA)
Koha item type Books
Holdings
Withdrawn status Lost status Damaged status Home library Current library Date acquired Cost, normal purchase price Full call number Accession Number Koha item type
Withdrawn     KAUAET KAUAET 07/04/2012 6.00 954.01 7425 Books
free website counter